|
|
|
|
| LEADER |
00000nab a2200000 a 4500 |
| 001 |
vtls000247575 |
| 003 |
SK-MaSNL |
| 005 |
20260304173414.0 |
| 008 |
250423c1986 xo 0 slo |
| 015 |
|
|
|a SNBRB19rr/mm-uuuuu
|
| 035 |
|
|
|a CL0257689
|
| 035 |
|
|
|a urn:nbn:sk:snk-ab2vij
|
| 035 |
|
|
|a (urnnbn)urn:nbn:sk:snk:ar-a0303a
|
| 035 |
|
|
|a (uuid)c973cf27-a709-40f3-8dc3-2b1dc1e99d7e
|
| 040 |
|
|
|a SNKBUCL
|b slo
|c SNKBUCL
|e AACR2
|
| 041 |
0 |
|
|a slo
|
| 044 |
|
|
|a xo
|c SK
|
| 080 |
|
|
|a 796.92:379.841
|2 1981
|
| 080 |
|
|
|a 379.841
|2 1981
|
| 080 |
|
|
|a 796.926
|2 2011
|
| 080 |
|
|
|a (437.672)
|2 2011
|
| 080 |
|
|
|a 338.48
|2 2011
|
| 100 |
1 |
|
|a Klaučová, Zlata
|4 aut
|9 841573
|
| 245 |
1 |
0 |
|a Lyžiarsky areál pri meste
|c Zlata Klaučová
|
| 300 |
|
|
|b Obr. 3.
|
| 650 |
0 |
7 |
|a lyžovanie
|2 snkbucl
|9 3256
|
| 650 |
0 |
7 |
|a lyžiarske strediská
|2 SNKPH
|9 70265
|
| 650 |
0 |
7 |
|a cestovný ruch
|2 SNKPH
|9 999
|
| 651 |
|
7 |
|a Košice (Slovensko)
|2 SNKPH
|9 18694
|
| 655 |
|
7 |
|a články z novín a časopisov
|2 snkbucl
|9 267496
|
| 773 |
0 |
|
|t Krásy Slovenska
|g Roč. 63, č. 3 (1986), s. 22-23
|
| 850 |
|
|
|a Slovenská národná knižnica
|
| 852 |
|
|
|a Slovenská národná knižnica
|
| 954 |
|
|
|a odborná, vedecká literatúra pôvodná (slovenská)
|2 lita
|
| 957 |
|
|
|a 5404
|
| 958 |
|
|
|a article27
|
| 958 |
|
|
|a OND
|
| 958 |
|
|
|a RK
|
| 958 |
|
|
|a EUIPO
|
| 992 |
|
|
|a RBX
|
| 999 |
|
|
|c 3003102
|d 3005032
|